000
00277nam a22001337a 4500
008
170906b xxu||||| |||| 00| 0 eng d
020
_a
0870057375
041
_a
eng
080
_2
6TH
_a
72
100
_a
41
101
_a
ARK
245
_a
DESIGNING
_c
KOPP,E
942
_2
udc
_c
BK
999
_c
26362
_d
26362